Kế toán chi phí

Đã lưu trong:
书目详细资料
主要作者: Huỳnh Lợi
格式: 图书
出版: Thống kê 2002
标签: 添加标签
没有标签, 成为第一个标记此记录!
Thư viện lưu trữ: Mạng thư viện Đại học Đà Nẵng
LEADER 00581nam a2200229 a 4500
001 000030280
003 13706
005 20171030145630.0
008 171030s2002
020 |c 54000 
040 |a LTT 
082 0 |a 657.42  |b HU-L 
100 1 |a Huỳnh Lợi 
245 0 0 |a Kế toán chi phí  |c Huỳnh Lợi, Nguyễn Khắc Tâm ; Võ Văn Nhị hiệu đính. 
260 |b Thống kê  |c 2002 
OWN |a LTT 
999 |a From the UDN01 
TYP |a Monograph 
TYP |a Printed language 
980 |a Mạng thư viện Đại học Đà Nẵng